Ινδιάνοι : φυλές, έθιμα και ιστορία
Αποθηκεύτηκε σε:
| Κύριος συγγραφέας: | |
|---|---|
| Άλλοι συγγραφείς: | |
| Μορφή: | Βιβλίο |
| Γλώσσα: | Greek English |
| Δημοσίευση: |
Αθήνα :
Ιάμβλιχος,
1995.
|
| Σειρά: | Εθνολογία - Ανθρωπολογία (Ιάμβλιχος)
|
| Θέματα: | |
| Ετικέτες: |
Προσθήκη ετικέτας
Δεν υπάρχουν, Καταχωρήστε ετικέτα πρώτοι!
|
MARC
| LEADER | 00000cam a2200000 i 4500 | ||
|---|---|---|---|
| 001 | 1/70379 | ||
| 008 | 980512s1995 gr | ||| |||| ||gre|| | ||
| 020 | |a 9602680733 | ||
| 035 | |l 10030629 | ||
| 040 | |a GR-MyUA |b gre |e AACR2 | ||
| 041 | 1 | |a gre |h eng | |
| 082 | 7 | |a 398.208997 |2 (22) | |
| 100 | 1 | |a Spence, Lewis, |d 1874-1955. | |
| 245 | 1 | 0 | |a Ινδιάνοι : |b φυλές, έθιμα και ιστορία / |c Lewis Spence ; μετάφραση Λύσανδρος Μυγιάκης. |
| 260 | |a Αθήνα : |b Ιάμβλιχος, |c 1995. | ||
| 300 | |a 161 σ. | ||
| 490 | 1 | |a (Εθνολογία - Ανθρωπολογία / Ιάμβλιχος) | |
| 500 | |a Τίτλος πρωτοτύπου: North American indians. | ||
| 650 | 0 | 0 | |a Indians of North America |x Folklore. |
| 650 | 0 | 0 | |a Indian mythology |z North America. |
| 650 | 0 | 0 | |a Indians of North America |x Social life and customs. |
| 700 | 1 | |a Μυγιάκης, Λύσανδρος, |e trl | |
| 830 | 0 | |a Εθνολογία - Ανθρωπολογία (Ιάμβλιχος) | |
| 852 | |a INST |b LESVOS |e 19980512 |h 398.208997 SPE |p 005100014182 |q 005100014182 |t BK |y 0 | ||
| 852 | |a INST |b RHODES |e 19980520 |h 398.208997 SPE |p 005400006539 |q 005400006539 |t BK |y 0 | ||
| 852 | |a INST |b RHODES |e 19980520 |h 398.208997 SPE |p 005400006541 |q 005400006541 |t BK |y 0 | ||
| 901 | |a BIBL-1998-2 | ||
| 909 | |a Ρ |b 054165 | ||
| 909 | |a Ρ |b 053492 | ||
| 909 | |a Λ |b 055861 | ||
| 922 | |a 4ΕΛΗ |b 199802 |c ΚΠΣ/ΔΕ |d EMVASIS | ||
| 922 | |a 1ΕΛΗ |b 199804 |c ΚΠΣ/ΤΚΑ |d EMVASIS | ||
| 950 | |a 117-1998-01-28 | ||